000 02168cam a22004574i 4500
003 PE-LiUPU
005 20250731173600.0
008 150616s r 000 0 d
035 _a(Sirsi) a539
040 _aPE-LiUPU
_bspa
_cPE-LiUPU
_erda
049 _aPRUA
082 0 4 _a285.8
_bS662h
_221
100 1 _aSmith, Timothy L.,
_eautor.
245 1 3 _aLa historia de los nazarenos :
_blos años formativos /
_cpor Timothy L. Smith; traducido por Honorato Reza.
264 1 _aKansas :
_bCasa Nazarena de Publicaciones,
_c1970.
300 _a413 páginas ;
_c22 centímetros.
336 _atext
_2rdacontent
337 _aunmediated
_2rdamedia
338 _avolume
_2rdacarrier
505 0 _aEl avivamiento de santidad -- La cuestión de la iglesia -- Comienzos nazarenos en el este -- La asociación de iglesias pentecostales -- Phineas Bresee y la iglesia del nazareno -- Los nazarenos se convierten en iglesia nacional -- La herencia de santidad en el suroeste desde Cumberland hasta el río Bravo -- La misión pentecostal en Tennesee -- Unión y libertad-unos e inseparables -- Algunas adiciones quietas -- Se logra verdadera unidad interna -- El cambio a una nueva generación -- La asociación laica de santidad en el norte -- La renovación del liderato y el resurgimiento del evangelismo.
526 _aSEG42
526 _aSEG41
526 _aSEG40
526 _aSEG39
526 _aP94
526 _aP87
526 _aP86
526 _aP85
526 _aP77
526 _aP76
526 _aP35
610 2 4 _aIglesia del Nazareno
_xHistoria.
700 _aReza, Honorato,
_etraductor.
_93209
910 _ajck
942 _2ddc
_cBK
_n0
949 _a285.8 S61
_wDEWEY
_c1
_i16367
_lCCODEBUL1
_mBUL
_p00.00
_r0
_sY
_tBOOK
_u19781016
_xTEOLOGIA
_zUNKNOWN
_0COMPRA
_o.STAFF. Colección General
949 _a285.8 S61
_wDEWEY
_c2
_i16227
_lCCODEBUL1
_mBUL
_p00.00
_r0
_sY
_tBOOK
_u19781016
_xTEOLOGIA
_zUNKNOWN
_0COMPRA
_o.STAFF. Colección General
980 _81
_gALBERTO SANCHEZ Responsable de Automatización
_61
_aALBERTO SANCHEZ Responsable de Automatización
999 _c62117
_d62116